<?xml version="1.0" encoding="UTF-8"?>
<record
    xmlns:xsi="http://www.w3.org/2001/XMLSchema-instance"
    xsi:schemaLocation="http://www.loc.gov/MARC21/slim http://www.loc.gov/standards/marcxml/schema/MARC21slim.xsd"
    xmlns="http://www.loc.gov/MARC21/slim">

  <leader>05996namaa22004331i 4500</leader>
  <controlfield tag="003">EG-GICUC</controlfield>
  <controlfield tag="005">20260427131632.0</controlfield>
  <controlfield tag="008">260413s2025    ua a|||frm||| 000 0 eng d</controlfield>
  <datafield tag="040" ind1=" " ind2=" ">
    <subfield code="a">EG-GICUC</subfield>
    <subfield code="b">eng</subfield>
    <subfield code="c">EG-GICUC</subfield>
    <subfield code="d">EG-GICUC</subfield>
    <subfield code="e">rda</subfield>
  </datafield>
  <datafield tag="041" ind1="0" ind2=" ">
    <subfield code="a">eng</subfield>
    <subfield code="b">eng</subfield>
    <subfield code="b">ara</subfield>
  </datafield>
  <datafield tag="049" ind1=" " ind2=" ">
    <subfield code="a">Deposit</subfield>
  </datafield>
  <datafield tag="082" ind1="0" ind2="4">
    <subfield code="a">615.82</subfield>
  </datafield>
  <datafield tag="092" ind1=" " ind2=" ">
    <subfield code="a">615.82</subfield>
    <subfield code="2">21</subfield>
  </datafield>
  <datafield tag="097" ind1=" " ind2=" ">
    <subfield code="a">M.Sc</subfield>
  </datafield>
  <datafield tag="099" ind1=" " ind2=" ">
    <subfield code="a">Cai01.21.09.M.Sc.2025.Me.C</subfield>
  </datafield>
  <datafield tag="100" ind1="0" ind2=" ">
    <subfield code="a">Merna Ibrahim Abd El Meged,</subfield>
    <subfield code="e">preparation.</subfield>
  </datafield>
  <datafield tag="245" ind1="1" ind2="0">
    <subfield code="a">Cervicogenic headache among subjects with  forward head posture :</subfield>
    <subfield code="b">a correlational cross-sectional study /</subfield>
    <subfield code="c">by Merna Ibrahim Abd El Meged ; Supervisors Prof. Dr. Maher Ahmed Elkeblawy, Prof. Dr. Yasser Ramzy Lasheen.</subfield>
  </datafield>
  <datafield tag="246" ind1="1" ind2="5">
    <subfield code="a">&#x627;&#x644;&#x635;&#x62F;&#x627;&#x639; "&#x639;&#x646;&#x642;&#x649; &#x627;&#x644;&#x645;&#x635;&#x62F;&#x631;" &#x628;&#x64A;&#x646; &#x627;&#x644;&#x623;&#x634;&#x62E;&#x627;&#x635; &#x627;&#x644;&#x630;&#x64A;&#x646; &#x64A;&#x639;&#x627;&#x646;&#x648;&#x646; &#x645;&#x646; &#x642;&#x648;&#x627;&#x645; &#x627;&#x644;&#x631;&#x623;&#x633; &#x627;&#x644;&#x623;&#x645;&#x627;&#x645;&#x649; : </subfield>
    <subfield code="b">&#x62F;&#x631;&#x627;&#x633;&#x629; &#x627;&#x631;&#x62A;&#x628;&#x627;&#x637;&#x64A;&#x629; &#x645;&#x642;&#x637;&#x639;&#x64A;&#x629;</subfield>
  </datafield>
  <datafield tag="264" ind1=" " ind2="0">
    <subfield code="c">2025.</subfield>
  </datafield>
  <datafield tag="300" ind1=" " ind2=" ">
    <subfield code="a">107 pages : </subfield>
    <subfield code="b">illustrations ; </subfield>
    <subfield code="c">25 cm. + </subfield>
    <subfield code="e">CD.</subfield>
  </datafield>
  <datafield tag="336" ind1=" " ind2=" ">
    <subfield code="a">text</subfield>
    <subfield code="2">rda content</subfield>
  </datafield>
  <datafield tag="337" ind1=" " ind2=" ">
    <subfield code="a">Unmediated</subfield>
    <subfield code="2">rdamedia</subfield>
  </datafield>
  <datafield tag="338" ind1=" " ind2=" ">
    <subfield code="a">volume</subfield>
    <subfield code="2">rdacarrier</subfield>
  </datafield>
  <datafield tag="502" ind1=" " ind2=" ">
    <subfield code="a">Thesis (M.Sc)-Cairo University, 2025.</subfield>
  </datafield>
  <datafield tag="504" ind1=" " ind2=" ">
    <subfield code="a">Bibliography: pages 92-104.</subfield>
  </datafield>
  <datafield tag="520" ind1=" " ind2="3">
    <subfield code="a">Background: Cervicogenic headache (CGH) is a common type of headache that arises 
from cervical spine pathology, often exacerbated by postural issues such as forward 
head posture (FHP). Purpose: To investigate the correlation between FHP and the 
prevalence of CGH among young adults. Subjects and methods: A cross-sectional 
study was conducted on 343 patients aged 18&#x2013;26 years with abnormal posture. 
Cervicogenic headache (CGH) was assessed using classification and confirmation 
criteria. Cervical posture was measured using craniovertebral angle and flexion rotation 
tests (FRT). Group comparisons and correlations were analyzed using t-tests, ANOVA, 
and Spearman&#x2019;s correlation. Results: 15.2%  of participants were CGH-positive, and 
11.4% had confirmed CGH. No significant differences were found between CGH 
groups in age, BMI, or craniovertebral angle (P &gt; 0.05). However, CGH-positive and 
confirmed CGH groups had significantly reduced right and left FRT values (P = 
0.0001). Flexion rotation tests showed strong correlations with CGH status. CGH 
classification had strong positive correlations with FRT (r = 0.621 and 0.591), while 
CGH confirmation had strong negative correlations (r = -0.594 and -0.563). 
Craniovertebral angle showed no significant correlation. Conclusion: CGH is strongly 
associated with limited cervical rotation but not with forward head posture. Flexion 
rotation tests are valuable in evaluating CGH in patients with abnormal posture. </subfield>
  </datafield>
  <datafield tag="520" ind1=" " ind2="3">
    <subfield code="a">&#x627;&#x644;&#x62E;&#x644;&#x641;&#x64A;&#x629; &#x627;&#x644;&#x635;&#x62F;&#x627;&#x639; &#x627;&#x644;&#x639;&#x646;&#x642;&#x64A; &#x627;&#x644;&#x645;&#x646;&#x634;&#x623;&#x647;&#x648; &#x646;&#x648;&#x639; &#x634;&#x627;&#x626;&#x639; &#x645;&#x646; &#x627;&#x644;&#x635;&#x62F;&#x627;&#x639; &#x64A;&#x646;&#x634;&#x623; &#x646;&#x62A;&#x64A;&#x62C;&#x629; &#x644;&#x627;&#x636;&#x637;&#x631;&#x627;&#x628;&#x627;&#x62A; &#x641;&#x64A; &#x627;&#x644;&#x639;&#x645;&#x648;&#x62F; &#x627;&#x644;&#x641;&#x642;&#x631;&#x64A; &#x627;&#x644;&#x639;&#x646;&#x642;&#x64A;&#x60C; &#x648;&#x63A;&#x627;&#x644;&#x628;&#x64B;&#x627; &#x645;&#x627; &#x64A;&#x62A;&#x641;&#x627;&#x642;&#x645; &#x628;&#x633;&#x628;&#x628; &#x645;&#x634;&#x643;&#x644;&#x627;&#x62A; &#x648;&#x636;&#x639;&#x64A;&#x629; &#x645;&#x62B;&#x644; &#x648;&#x636;&#x639; &#x627;&#x644;&#x631;&#x623;&#x633; &#x627;&#x644;&#x645;&#x62A;&#x642;&#x62F;&#x645;. &#x627;&#x644;&#x647;&#x62F;&#x641;:&#x647;&#x62F;&#x641;&#x62A; &#x647;&#x630;&#x647; &#x627;&#x644;&#x62F;&#x631;&#x627;&#x633;&#x629; &#x625;&#x644;&#x649; &#x627;&#x644;&#x62A;&#x62D;&#x642;&#x64A;&#x642; &#x641;&#x64A; &#x627;&#x644;&#x639;&#x644;&#x627;&#x642;&#x629; &#x628;&#x64A;&#x646; &#x648;&#x636;&#x639; &#x627;&#x644;&#x631;&#x623;&#x633; &#x627;&#x644;&#x645;&#x62A;&#x642;&#x62F;&#x645; &#x648;&#x627;&#x646;&#x62A;&#x634;&#x627;&#x631; &#x627;&#x644;&#x635;&#x62F;&#x627;&#x639; &#x627;&#x644;&#x639;&#x646;&#x642;&#x64A; &#x627;&#x644;&#x645;&#x646;&#x634;&#x623; &#x628;&#x64A;&#x646; &#x627;&#x644;&#x628;&#x627;&#x644;&#x63A;&#x64A;&#x646; &#x627;&#x644;&#x634;&#x628;&#x627;&#x628;. &#x627;&#x644;&#x637;&#x631;&#x642; &#x648;&#x627;&#x644;&#x627;&#x633;&#x627;&#x644;&#x64A;&#x628;:&#x62A;&#x645; &#x625;&#x62C;&#x631;&#x627;&#x621; &#x62F;&#x631;&#x627;&#x633;&#x629; &#x645;&#x642;&#x637;&#x639;&#x64A;&#x629; &#x634;&#x645;&#x644;&#x62A; 343 &#x645;&#x631;&#x64A;&#x636;&#x64B;&#x627; &#x62A;&#x62A;&#x631;&#x627;&#x648;&#x62D; &#x623;&#x639;&#x645;&#x627;&#x631;&#x647;&#x645; &#x628;&#x64A;&#x646; 18 &#x648;26 &#x639;&#x627;&#x645;&#x64B;&#x627; &#x648;&#x64A;&#x639;&#x627;&#x646;&#x648;&#x646; &#x645;&#x646; &#x648;&#x636;&#x639;&#x64A;&#x629; &#x62C;&#x633;&#x62F;&#x64A;&#x629; &#x63A;&#x64A;&#x631; &#x637;&#x628;&#x64A;&#x639;&#x64A;&#x629;. &#x62A;&#x645; &#x62A;&#x642;&#x64A;&#x64A;&#x645; &#x627;&#x644;&#x635;&#x62F;&#x627;&#x639; &#x627;&#x644;&#x639;&#x646;&#x642;&#x64A; &#x628;&#x627;&#x633;&#x62A;&#x62E;&#x62F;&#x627;&#x645; &#x645;&#x639;&#x627;&#x64A;&#x64A;&#x631; &#x627;&#x644;&#x62A;&#x635;&#x646;&#x64A;&#x641; &#x648;&#x627;&#x644;&#x62A;&#x623;&#x643;&#x64A;&#x62F;. &#x643;&#x645;&#x627; &#x62A;&#x645; &#x642;&#x64A;&#x627;&#x633; &#x648;&#x636;&#x639;&#x64A;&#x629; &#x627;&#x644;&#x631;&#x642;&#x628;&#x629; &#x628;&#x627;&#x633;&#x62A;&#x62E;&#x62F;&#x627;&#x645; &#x632;&#x627;&#x648;&#x64A;&#x629; &#x627;&#x644;&#x642;&#x62D;&#x641; &#x627;&#x644;&#x641;&#x642;&#x631;&#x64A;&#x629; &#x648;&#x627;&#x62E;&#x62A;&#x628;&#x627;&#x631; &#x627;&#x644;&#x62F;&#x648;&#x631;&#x627;&#x646; &#x623;&#x62B;&#x646;&#x627;&#x621; &#x627;&#x644;&#x62B;&#x646;&#x64A;. &#x62A;&#x645; &#x627;&#x633;&#x62A;&#x62E;&#x62F;&#x627;&#x645; &#x627;&#x62E;&#x62A;&#x628;&#x627;&#x631;&#x627;&#x62A; "&#x62A;&#x64A;" &#x648;&#x62A;&#x62D;&#x644;&#x64A;&#x644; &#x627;&#x644;&#x62A;&#x628;&#x627;&#x64A;&#x646; &#x648;&#x645;&#x639;&#x627;&#x645;&#x644; &#x627;&#x631;&#x62A;&#x628;&#x627;&#x637; &#x633;&#x628;&#x64A;&#x631;&#x645;&#x627;&#x646; &#x644;&#x62A;&#x62D;&#x644;&#x64A;&#x644; &#x627;&#x644;&#x641;&#x631;&#x648;&#x642;&#x627;&#x62A; &#x648;&#x627;&#x644;&#x639;&#x644;&#x627;&#x642;&#x627;&#x62A; &#x628;&#x64A;&#x646; &#x627;&#x644;&#x645;&#x62A;&#x63A;&#x64A;&#x631;&#x627;&#x62A;. &#x627;&#x644;&#x645;&#x646;&#x634;&#x623;&#x627;&#x644;&#x646;&#x62A;&#x627;&#x626;&#x62C;:&#x628;&#x644;&#x63A;&#x62A; &#x646;&#x633;&#x628;&#x629; &#x627;&#x644;&#x645;&#x631;&#x636;&#x649; &#x627;&#x644;&#x645;&#x635;&#x646;&#x641;&#x64A;&#x646; &#x625;&#x64A;&#x62C;&#x627;&#x628;&#x64A;&#x64B;&#x627; &#x644;&#x644;&#x635;&#x62F;&#x627;&#x639; &#x627;&#x644;&#x639;&#x646;&#x642;&#x64A; 15.2%&#x60C; &#x648;&#x62A;&#x645; &#x62A;&#x623;&#x643;&#x64A;&#x62F; &#x627;&#x644;&#x625;&#x635;&#x627;&#x628;&#x629; &#x641;&#x64A; 11.4% &#x645;&#x646;&#x647;&#x645;. &#x644;&#x645; &#x62A;&#x64F;&#x633;&#x62C;&#x644; &#x641;&#x631;&#x648;&#x642; &#x645;&#x639;&#x646;&#x648;&#x64A;&#x629; &#x628;&#x64A;&#x646; &#x645;&#x62C;&#x645;&#x648;&#x639;&#x627;&#x62A; &#x627;&#x644;&#x645;&#x631;&#x636;&#x649; &#x645;&#x646; &#x62D;&#x64A;&#x62B; &#x627;&#x644;&#x639;&#x645;&#x631; &#x623;&#x648; &#x645;&#x624;&#x634;&#x631; &#x643;&#x62A;&#x644;&#x629; &#x627;&#x644;&#x62C;&#x633;&#x645; &#x623;&#x648; &#x632;&#x627;&#x648;&#x64A;&#x629; &#x627;&#x644;&#x642;&#x62D;&#x641; &#x627;&#x644;&#x641;&#x642;&#x631;&#x64A;&#x629; (P &gt; 0.05). &#x644;&#x643;&#x646; &#x627;&#x644;&#x645;&#x62C;&#x645;&#x648;&#x639;&#x627;&#x62A; &#x627;&#x644;&#x645;&#x635;&#x627;&#x628;&#x629; &#x628;&#x627;&#x644;&#x635;&#x62F;&#x627;&#x639; &#x627;&#x644;&#x639;&#x646;&#x642;&#x64A; &#x623;&#x638;&#x647;&#x631;&#x62A; &#x627;&#x646;&#x62E;&#x641;&#x627;&#x636;&#x64B;&#x627; &#x643;&#x628;&#x64A;&#x631;&#x64B;&#x627; &#x641;&#x64A; &#x642;&#x64A;&#x645; &#x627;&#x62E;&#x62A;&#x628;&#x627;&#x631; &#x627;&#x644;&#x62F;&#x648;&#x631;&#x627;&#x646; &#x623;&#x62B;&#x646;&#x627;&#x621; &#x627;&#x644;&#x62B;&#x646;&#x64A; (P = 0.0001).&#x623;&#x638;&#x647;&#x631;&#x62A; &#x627;&#x62E;&#x62A;&#x628;&#x627;&#x631;&#x627;&#x62A; &#x627;&#x644;&#x62F;&#x648;&#x631;&#x627;&#x646; &#x623;&#x62B;&#x646;&#x627;&#x621; &#x627;&#x644;&#x62B;&#x646;&#x64A; &#x627;&#x631;&#x62A;&#x628;&#x627;&#x637;&#x627;&#x62A; &#x642;&#x648;&#x64A;&#x629; &#x628;&#x62D;&#x627;&#x644;&#x629; &#x627;&#x644;&#x635;&#x62F;&#x627;&#x639; &#x627;&#x644;&#x639;&#x646;&#x642;&#x64A;&#x61B; &#x62D;&#x64A;&#x62B; &#x643;&#x627;&#x646; &#x647;&#x646;&#x627;&#x643; &#x627;&#x631;&#x62A;&#x628;&#x627;&#x637; &#x625;&#x64A;&#x62C;&#x627;&#x628;&#x64A; &#x642;&#x648;&#x64A; &#x645;&#x639; &#x627;&#x644;&#x62A;&#x635;&#x646;&#x64A;&#x641; (r = 0.621 &#x648;0.591)&#x60C; &#x648;&#x627;&#x631;&#x62A;&#x628;&#x627;&#x637; &#x633;&#x644;&#x628;&#x64A; &#x642;&#x648;&#x64A; &#x645;&#x639; &#x627;&#x644;&#x62A;&#x623;&#x643;&#x64A;&#x62F; (r = -0.594 &#x648;-0.563). &#x628;&#x64A;&#x646;&#x645;&#x627; &#x644;&#x645; &#x64A;&#x643;&#x646; &#x647;&#x646;&#x627;&#x643; &#x627;&#x631;&#x62A;&#x628;&#x627;&#x637; &#x645;&#x639;&#x646;&#x648;&#x64A; &#x645;&#x639; &#x632;&#x627;&#x648;&#x64A;&#x629; &#x627;&#x644;&#x642;&#x62D;&#x641; &#x627;&#x644;&#x641;&#x642;&#x631;&#x64A;&#x629;.&#x627;&#x644;&#x62E;&#x644;&#x627;&#x635;&#x629;:&#x64A;&#x631;&#x62A;&#x628;&#x637; &#x627;&#x644;&#x635;&#x62F;&#x627;&#x639; &#x627;&#x644;&#x639;&#x646;&#x642;&#x64A; &#x628;&#x634;&#x643;&#x644; &#x643;&#x628;&#x64A;&#x631; &#x628;&#x627;&#x646;&#x62E;&#x641;&#x627;&#x636; &#x645;&#x62F;&#x649; &#x62F;&#x648;&#x631;&#x627;&#x646; &#x627;&#x644;&#x631;&#x642;&#x628;&#x629;&#x60C; &#x644;&#x643;&#x646;&#x647; &#x644;&#x627; &#x64A;&#x631;&#x62A;&#x628;&#x637; &#x628;&#x634;&#x643;&#x644; &#x645;&#x639;&#x646;&#x648;&#x64A; &#x628;&#x648;&#x636;&#x639;&#x64A;&#x629; &#x627;&#x644;&#x631;&#x623;&#x633; &#x627;&#x644;&#x623;&#x645;&#x627;&#x645;&#x64A; &#x643;&#x645;&#x627; &#x62A;&#x64F;&#x642;&#x627;&#x633; &#x628;&#x632;&#x627;&#x648;&#x64A;&#x629; &#x627;&#x644;&#x642;&#x62D;&#x641; &#x627;&#x644;&#x641;&#x642;&#x631;&#x64A;&#x629;. &#x64A;&#x64F;&#x639;&#x62F; &#x627;&#x62E;&#x62A;&#x628;&#x627;&#x631; &#x627;&#x644;&#x62F;&#x648;&#x631;&#x627;&#x646; &#x623;&#x62B;&#x646;&#x627;&#x621; &#x627;&#x644;&#x62B;&#x646;&#x64A; &#x623;&#x62F;&#x627;&#x629; &#x641;&#x639;&#x627;&#x644;&#x629; &#x641;&#x64A; &#x62A;&#x642;&#x64A;&#x64A;&#x645; &#x627;&#x644;&#x635;&#x62F;&#x627;&#x639; &#x627;&#x644;&#x639;&#x646;&#x642;&#x64A; &#x644;&#x62F;&#x649; &#x627;&#x644;&#x645;&#x631;&#x636;&#x649; &#x630;&#x648;&#x64A; &#x627;&#x644;&#x648;&#x636;&#x639;&#x64A;&#x629; &#x63A;&#x64A;&#x631; &#x627;&#x644;&#x637;&#x628;&#x64A;&#x639;&#x64A;&#x629;.</subfield>
  </datafield>
  <datafield tag="530" ind1=" " ind2=" ">
    <subfield code="a">Issues also as CD.</subfield>
  </datafield>
  <datafield tag="546" ind1=" " ind2=" ">
    <subfield code="a">Text in English and abstract in Arabic &amp; English.</subfield>
  </datafield>
  <datafield tag="650" ind1=" " ind2="0">
    <subfield code="a">Physical Therapy</subfield>
  </datafield>
  <datafield tag="650" ind1=" " ind2="0">
    <subfield code="a">&#x627;&#x644;&#x639;&#x644;&#x627;&#x62C; &#x627;&#x644;&#x637;&#x628;&#x64A;&#x639;&#x64A; </subfield>
  </datafield>
  <datafield tag="653" ind1=" " ind2="1">
    <subfield code="a">Cervicogenic Headache (CGH)</subfield>
    <subfield code="a">forward head posture (FHP)</subfield>
    <subfield code="a">Craniovertebral Angle (CVA)</subfield>
    <subfield code="a">Flexion Rotation Test (FRT)</subfield>
    <subfield code="a">&#x627;&#x644;&#x635;&#x62F;&#x627;&#x639; &#x627;&#x644;&#x639;&#x646;&#x642;&#x64A; &#x627;&#x644;&#x645;&#x646;&#x634;&#x623;</subfield>
    <subfield code="a">&#x648;&#x636;&#x639; &#x627;&#x644;&#x631;&#x623;&#x633; &#x627;&#x644;&#x645;&#x62A;&#x642;&#x62F;&#x645;</subfield>
  </datafield>
  <datafield tag="700" ind1="0" ind2=" ">
    <subfield code="a">Maher Ahmed Elkeblawy</subfield>
    <subfield code="e">thesis advisor.</subfield>
  </datafield>
  <datafield tag="700" ind1="0" ind2=" ">
    <subfield code="a">Yasser Ramzy Lasheen</subfield>
    <subfield code="e">thesis advisor.</subfield>
  </datafield>
  <datafield tag="900" ind1=" " ind2=" ">
    <subfield code="b">01-01-2025</subfield>
    <subfield code="c">Maher Ahmed Elkeblawy</subfield>
    <subfield code="c">Yasser Ramzy Lasheen</subfield>
    <subfield code="U">Cairo University</subfield>
    <subfield code="F">Faculty of Physical Therapy</subfield>
    <subfield code="D">Department of Basic Science </subfield>
  </datafield>
  <datafield tag="905" ind1=" " ind2=" ">
    <subfield code="a">Shimaa</subfield>
    <subfield code="e">Eman Ghareb</subfield>
  </datafield>
  <datafield tag="942" ind1=" " ind2=" ">
    <subfield code="2">ddc</subfield>
    <subfield code="c">TH</subfield>
    <subfield code="e">21</subfield>
    <subfield code="n">0</subfield>
  </datafield>
  <datafield tag="999" ind1=" " ind2=" ">
    <subfield code="c">179450</subfield>
  </datafield>
  <datafield tag="952" ind1=" " ind2=" ">
    <subfield code="2">ddc</subfield>
    <subfield code="9">316510</subfield>
    <subfield code="a">CUCL</subfield>
    <subfield code="b">cl210</subfield>
    <subfield code="d">2026-04-13</subfield>
    <subfield code="i">93765</subfield>
    <subfield code="o">Cai01.21.09.M.Sc.2025.Me.C</subfield>
    <subfield code="p">01010110093765000</subfield>
    <subfield code="r">2026-04-13 19:10:42</subfield>
    <subfield code="w">2026-04-13</subfield>
    <subfield code="y">TH</subfield>
  </datafield>
</record>
